[Event "XXIX Miedzynarodowy Festiwal Szachowy CRACOVIA-2018 Grupa A"]
[Site "Krakow, Hotel Galaxy, ul. Gesia 22a"]
[Date "2018.12.28"]
[Round "2.47"]
[White "Schreiner, Peter"]
[Black "Trybus, Daniel"]
[Result "1-0"]
[WhiteElo "2479"]
[BlackElo "1916"]
[PlyCount "85"]
[EventDate "2018.??.??"]

1. Nf3 Nf6 2. g3 g6 3. b3 Bg7 4. Bb2 O-O 5. Bg2 d6 6. d4 c5 7. c4 Qa5+ 8. Bc3
Qb6 9. Nbd2 Nc6 10. d5 Nd4 11. O-O e5 12. dxe6 fxe6 13. e3 Nf5 14. Qc2 d5 15.
cxd5 exd5 16. Rac1 Bd7 17. Bxf6 Qxf6 18. Qxc5 Bc6 19. Ne1 Rfd8 20. Nd3 Bf8 21.
Qa5 Qe7 22. Nf4 Qb4 23. Qxb4 Bxb4 24. Nf3 Rd6 25. Rfd1 Rad8 26. g4 Ne7 27. Nd4
Bd7 28. Nc2 Ba5 29. Nxd5 Nxd5 30. Bxd5+ Kg7 31. Bf3 Bc6 32. Rxd6 Rxd6 33. Rd1
Rxd1+ 34. Bxd1 Kf6 35. Nd4 Ke5 36. Nxc6+ bxc6 37. Bc2 Kd5 38. f4 Kc5 39. Be4
Bb6 40. Kf2 a5 41. g5 Kb4 42. Bxc6 Ka3 43. Bd5 1-0

[Event "XXIX Miedzynarodowy Festiwal Szachowy CRACOVIA-2018 Grupa A"]
[Site "Krakow, Hotel Galaxy, ul. Gesia 22a"]
[Date "2018.12.28"]
[Round "2.53"]
[White "Jaroch, Karol"]
[Black "Lomakin, Viktor"]
[Result "1-0"]
[Annotator "Leszek"]
[PlyCount "71"]
[EventDate "2018.??.??"]

{[WhiteElo "2259"] [BlackElo "2106"]} 1. e4 c5 2. Nf3 e6 3. d4 cxd4 4. Nxd4 a6
5. Bd3 Bc5 6. Nb3 Be7 7. O-O d6 8. c4 Nf6 9. Nc3 Nc6 10. f4 b6 11. Be3 Bb7 12.
a3 O-O 13. Qf3 Nd7 14. Rad1 Qc7 15. Qh3 Na5 16. Nd2 Rfe8 17. b4 Nc6 18. f5 Nf8
19. fxe6 fxe6 20. Na4 Ne5 21. Be2 Bc6 22. Nxb6 Rad8 23. Bh5 Nfg6 24. Bxg6 hxg6
25. Qf3 Bf6 26. Nb3 Nd7 27. Qg4 Bb2 28. Qxg6 Nf6 29. Rf4 Rb8 30. c5 d5 31. Rdf1
Rf8 32. Nd4 Bxd4 33. Bxd4 e5 34. Rxf6 Rxf6 35. Rxf6 Be8 36. Qg3 1-0

[Event "XXIX Miedzynarodowy Festiwal Szachowy CRACOVIA-2018 Grupa A"]
[Site "Krakow, Hotel Galaxy, ul. Gesia 22a"]
[Date "2018.12.28"]
[Round "2.54"]
[White "Kasperek, Ryszard"]
[Black "Domanski, Lukasz"]
[Result "1-0"]
[WhiteElo "2212"]
[BlackElo "2069"]
[Annotator "Leszek"]
[PlyCount "35"]
[EventDate "2018.??.??"]

1. e4 e5 2. Nf3 Nc6 3. Nc3 Nf6 4. Bb5 Bd6 5. a3 Nd4 6. Bc4 c6 7. d3 Bc7 8. Ba2
O-O 9. h3 h6 10. O-O Ne6 11. Re1 d6 12. d4 exd4 13. Nxd4 Nxd4 14. Qxd4 d5 15.
exd5 Be6 16. Bf4 Bxf4 17. Qxf4 Bxd5 18. Rad1 {Zapis nieczytelny} 1-0

[Event "XXIX Miedzynarodowy Festiwal Szachowy CRACOVIA-2018 Grupa A"]
[Site "Krakow, Hotel Galaxy, ul. Gesia 22a"]
[Date "2018.12.28"]
[Round "2.55"]
[White "Wojciechowski, Piotr"]
[Black "Golecki, Jan"]
[Result "1-0"]
[WhiteElo "2210"]
[BlackElo "2064"]
[PlyCount "145"]
[EventDate "2018.??.??"]

1. e4 e5 2. Nf3 Nf6 3. Nxe5 d6 4. Nf3 Nxe4 5. Nc3 Nxc3 6. dxc3 Be7 7. Be3 Nd7
8. Qd2 O-O 9. O-O-O Ne5 10. Kb1 Be6 11. Qc1 Ng4 12. Bd4 c5 13. h3 Nf6 14. Bxc5
Qa5 15. Ba3 Rac8 16. Ng5 Nd5 17. h4 Bf6 18. Ne4 Be5 19. g3 f5 20. Bh3 Rfe8 21.
f4 Bxc3 22. Nxc3 Nxc3+ 23. bxc3 Rxc3 24. Rd3 Rxd3 25. cxd3 Qd5 26. Rh2 Qxd3+
27. Ka1 Rc8 28. Qe1 Kf7 29. Bb2 Qc4 30. Qb1 Rc5 31. Bf1 Qa4 32. Re2 Ra5 33.
Rxe6 Kxe6 34. Bd3 Qb4 35. Bxg7 Qxb1+ 36. Kxb1 Ra3 37. Bc4+ d5 38. Bb3 Ra6 39.
Bd4 Rc6 40. Kb2 b6 41. h5 h6 42. Bd1 Rc4 43. Bg7 Re4 44. Bxh6 Re1 45. Bb3 Rh1
46. Bg5 Rxh5 47. Bh4 Rh7 48. Kc3 Rc7+ 49. Kd4 Rc5 50. a4 Kd6 51. Bf6 Rc1 52.
Be5+ Kd7 53. Kxd5 Rc5+ 54. Kd4 Rc1 55. Bf6 a6 56. Bc4 Ra1 57. Ke5 Rxa4 58. Be6+
Ke8 59. Kxf5 Ra3 60. g4 Rg3 61. g5 b5 62. g6 Kf8 63. g7+ Rxg7 64. Bxg7+ Kxg7
65. Bd7 Kf7 66. Ke5 Ke7 67. Bc6 Kf7 68. f5 Ke7 69. f6+ Kf7 70. Kf5 Kf8 71. Ke6
b4 72. Ba4 a5 73. f7 1-0

[Event "XXIX Miedzynarodowy Festiwal Szachowy CRACOVIA-2018 Grupa A"]
[Site "Krakow, Hotel Galaxy, ul. Gesia 22a"]
[Date "2018.12.28"]
[Round "2.57"]
[White "Kumala, Aleksander"]
[Black "Shyam, Prasad Reddy K"]
[Result "1-0"]
[Annotator "Leszek"]
[PlyCount "61"]
[EventDate "2018.??.??"]

{[WhiteElo "2198"] [BlackElo "2030"]} 1. d4 Nf6 2. Bg5 d5 3. e3 c5 4. Bxf6 gxf6
5. dxc5 e6 6. Nc3 Bxc5 7. Qh5 Nd7 8. O-O-O f5 9. Nh3 Nf6 10. Qh6 Bd7 11. Be2
Rc8 12. Nf4 Qe7 13. h3 Bb4 14. Nb1 Ba4 15. Bd3 Bxc2 16. Bxc2 Qc5 17. Nc3 Bxc3
18. Kb1 Be5 19. Rc1 Qd6 20. Bxf5 Rc4 21. Bc2 Ke7 22. Nd3 Ne4 23. Nxe5 Qxe5 24.
Qh4+ Nf6 25. Qh6 Rhc8 26. f3 Qc7 27. a3 Rxc2 28. Rxc2 Qxc2+ 29. Ka1 Qxg2 30.
Rb1 Qxf3 31. Qh4 {Czas} 1-0

[Event "XXIX Miedzynarodowy Festiwal Szachowy CRACOVIA-2018 Grupa A"]
[Site "Krakow, Hotel Galaxy, ul. Gesia 22a"]
[Date "2018.12.28"]
[Round "2.62"]
[White "Meers, Hubert"]
[Black "Fiedorek, Michal"]
[Result "1-0"]
[WhiteElo "2009"]
[BlackElo "2178"]
[PlyCount "81"]
[EventDate "2018.??.??"]

1. e4 c6 2. d4 d5 3. Nd2 dxe4 4. Nxe4 Bf5 5. Ng3 Bg6 6. f4 e6 7. Nf3 Nd7 8. h4
h6 9. h5 Bh7 10. Bd3 Bxd3 11. Qxd3 Ngf6 12. Bd2 Qc7 13. O-O-O O-O-O 14. Qe2 Kb8
15. Ne5 Nxe5 16. fxe5 Nd5 17. c4 Nb4 18. a3 Na6 19. Bc3 Be7 20. Ne4 Ka8 21.
Rhf1 Rhf8 22. Qg4 b5 23. c5 Qd7 24. Nd6 Bxd6 25. exd6 f5 26. Qf3 Kb7 27. Rd3
Rde8 28. Re1 e5 29. Rde3 e4 30. Qe2 Qf7 31. g4 f4 32. Rxe4 f3 33. Rxe8 fxe2 34.
Re7+ Kc8 35. Rxf7 Rxf7 36. Rxe2 Kd7 37. Be1 Nb8 38. Bh4 a5 39. Kc2 a4 40. Kc3
Na6 41. Re3 1-0

[Event "XXIX Miedzynarodowy Festiwal Szachowy CRACOVIA-2018 Grupa A"]
[Site "Krakow, Hotel Galaxy, ul. Gesia 22a"]
[Date "2018.12.28"]
[Round "2.65"]
[White "Razumovskiy, Mikhail"]
[Black "Marusenko, Petr"]
[Result "1-0"]
[Annotator "Leszek"]
[PlyCount "69"]
[EventDate "2018.??.??"]

{[BlackTitle "IM"] [WhiteElo "1974"] [BlackElo "2163"]} 1. e4 c6 2. Nc3 d5 3.
Nf3 Bg4 4. h3 Bxf3 5. Qxf3 Nf6 6. d3 e6 7. Bd2 Bb4 8. O-O-O d4 9. Nb1 Be7 10.
g4 c5 11. Na3 Nc6 12. g5 Nd7 13. Qg3 Rb8 14. f4 b5 15. f5 e5 16. g6 hxg6 17.
fxg6 f6 18. h4 Nb4 19. Kb1 Qb6 20. h5 Qe6 21. b3 Qa6 22. Bc1 Nxa2 23. Kxa2 c4
24. dxc4 Bxa3 25. cxb5 Qc8 26. Kxa3 Qxc2 27. Qd3 Qc7 28. b4 Nb6 29. h6 Rc8 30.
Bd2 gxh6 31. Rc1 Qd7 32. Rxh6 Rxh6 33. Rxc8+ Nxc8 34. Bxh6 Qe6 35. Bh3 1-0

[Event "XXIX Miedzynarodowy Festiwal Szachowy CRACOVIA-2018 Grupa A"]
[Site "Krakow, Hotel Galaxy, ul. Gesia 22a"]
[Date "2018.??.28"]
[Round "2.26"]
[White "Grib, Roman"]
[Black "Jansen, Bob"]
[Result "1/2-1/2"]
[WhiteElo "2412"]
[BlackElo "2192"]
[PlyCount "44"]
[EventDate "2018.??.??"]

1. e4 e6 2. d4 d5 3. Nc3 Bb4 4. e5 c5 5. a3 Ba5 6. b4 cxd4 7. Nb5 Bc7 8. f4 Bd7
9. Nf3 Bxb5 10. Bxb5+ Nc6 11. Bb2 Nge7 12. Bxd4 a6 13. Bxc6+ Nxc6 14. c3 Rc8
15. Qd3 Bb6 16. Kd2 Nxd4 17. cxd4 Rc4 18. Rhc1 Qc7 19. Rxc4 dxc4 20. Qe4 O-O
21. Kc3 a5 22. Ng5 g6 {zapis nieczytelny} 1/2-1/2

[Event "XXIX Miedzynarodowy Festiwal Szachowy CRACOVIA-2018 Grupa A"]
[Site "Krakow, Hotel Galaxy, ul. Gesia 22a"]
[Date "2018.??.??"]
[Round "2.28"]
[White "Galperin, Platon"]
[Black "Toma, Katarzyna"]
[Result "1-0"]
[WhiteElo "2363"]
[BlackElo "2173"]
[PlyCount "106"]
[EventDate "2018.??.??"]

1. g3 Nf6 2. Bg2 d5 3. Nf3 g6 4. c4 Bg7 5. O-O O-O 6. d4 dxc4 7. Na3 c5 8. Nxc4
Be6 9. Nfe5 Bd5 10. dxc5 Bxg2 11. Kxg2 Na6 12. c6 b5 13. Qxd8 Rfxd8 14. Na5
Rac8 15. Be3 Nd5 16. Nd3 Nab4 17. Nxb4 Nxb4 18. Rad1 Rxd1 19. Rxd1 Bxb2 20. Rd7
Kf8 21. Bc5 Nxc6 22. Nxc6 Rxc6 23. Bxe7+ Ke8 24. Rxa7 Re6 25. Bc5 Rxe2 26. Rb7
Bc3 27. a3 Re5 28. Rxb5 Kd7 29. a4 Re4 30. Rb3 Ba5 31. Ra3 Kc6 32. Be3 f5 33.
Kf3 Rc4 34. Ra2 Rc3 35. Kf4 Kd5 36. Kg5 Ke4 37. Bd2 Bd8+ 38. Kh6 Rc6 39. Bg5
Bb6 40. a5 Ba7 41. Kxh7 Ra6 42. f4 Kf3 43. Kg7 Bd4+ 44. Kf7 Kg4 45. Ke8 Kh3 46.
Kd7 Bg1 47. Kc8 Bxh2 48. Kb7 Re6 49. a6 Bg1 50. Bh4 g5 51. Bxg5 Kxg3 52. a7
Bxa7 53. Kxa7 Kg4 {zapis nieczytelny} 1-0

[Event "XXIX Miedzynarodowy Festiwal Szachowy CRACOVIA-2018 Grupa A"]
[Site "Krakow, Hotel Galaxy, ul. Gesia 22a"]
[Date "2018.??.28"]
[Round "2.29"]
[White "Lewicki, Miroslaw"]
[Black "Dmochowska, Agnieszka"]
[Result "1/2-1/2"]
[WhiteElo "2347"]
[BlackElo "2151"]
[PlyCount "86"]
[EventDate "2018.??.??"]

1. e4 e6 2. d4 d5 3. Nd2 c5 4. exd5 exd5 5. Ngf3 Nf6 6. Be2 Nc6 7. O-O c4 8. b3
cxb3 9. axb3 Bd6 10. Bb2 O-O 11. Ne5 Re8 12. Ndf3 Ng4 13. Bb5 Ngxe5 14. dxe5
Bc5 15. Qd2 Be6 16. Ng5 a6 17. Bd3 h6 18. Nxe6 Rxe6 19. Bf5 Re8 20. Rad1 Ne7
21. Bg4 Qb6 22. Kh1 Qg6 23. Bh3 Rad8 24. f4 Nf5 25. Rf3 d4 26. Bxf5 Qxf5 27.
Qd3 Qe6 28. Re1 Qd5 29. Rg3 Kh8 30. Rf1 Rd7 31. Bc1 Bf8 32. Qd1 Qb5 33. Rd3 Rc8
34. Re1 Bb4 35. Re4 Bc3 36. f5 Re7 37. Qe2 Rce8 38. Bf4 Qd7 39. g4 Qc6 40. Kg1
Kh7 41. f6 Re6 42. Rh3 Rxf6 43. g5 Rg6 1/2-1/2

[Event "XXIX Miedzynarodowy Festiwal Szachowy CRACOVIA-2018 Grupa A"]
[Site "Krakow, Hotel Galaxy, ul. Gesia 22a"]
[Date "2018.??.??"]
[Round "2.31"]
[White "Martynyuk, Elizaveta"]
[Black "Licznerski, Lukasz"]
[Result "1-0"]
[WhiteElo "2128"]
[BlackElo "2326"]
[PlyCount "55"]
[EventDate "2018.??.??"]

1. e4 e5 2. Nf3 Nc6 3. Bc4 Nf6 4. d3 Bc5 5. c3 O-O 6. O-O d6 7. Bb3 Bb6 8. Nbd2
Ne7 9. Nc4 Ng6 10. Nxb6 axb6 11. h3 Qe8 12. Bg5 Nh5 13. Nxe5 Nxe5 14. Qxh5 Nxd3
15. Bc2 Nxb2 16. e5 h6 17. Rae1 f5 18. Bb3+ Kh7 19. Qh4 dxe5 20. Be7 Rh8 21.
Rxe5 Qc6 22. Bf7 Nd3 23. Re3 Ra4 24. c4 Nc5 25. Rg3 Ne4 26. Bd5 Qd7 27. Bxe4
fxe4 28. Rxg7+ 1-0

[Event "XXIX Miedzynarodowy Festiwal Szachowy CRACOVIA-2018 Grupa A"]
[Site "Krakow, Hotel Galaxy, ul. Gesia 22a"]
[Date "2018.??.??"]
[Round "2.36"]
[White "Reza, Wojciech"]
[Black "Milikow, Elie"]
[Result "1-0"]
[WhiteElo "2287"]
[BlackElo "2083"]
[PlyCount "77"]
[EventDate "2018.??.??"]

1. d4 Nf6 2. Bg5 d5 3. e3 g6 4. Bxf6 exf6 5. Bd3 Bg7 6. Ne2 O-O 7. O-O Be6 8.
Nd2 c6 9. c4 dxc4 10. Bxc4 Bxc4 11. Nxc4 Nd7 12. b4 Nb6 13. Na5 Rb8 14. Qb3 f5
15. g3 Qd7 16. Nf4 Rfe8 17. Rad1 Bh6 18. Nd3 Bf8 19. Ne5 Qe6 20. a3 Bd6 21. Nd3
Qe4 22. Nc5 Bxc5 23. dxc5 Nd7 24. Nc4 Ne5 25. Nd6 Qg4 26. f4 Nf3+ 27. Kg2 Nh4+
28. Kh1 Qh3 29. Qxf7+ Kh8 30. Qf6+ Kg8 31. Qxh4 Qxh4 32. gxh4 Rxe3 33. a4 Rh3
34. Kg2 Rxh4 35. h3 a6 36. Kg3 Rh5 37. a5 Kh8 38. Rde1 Rf8 39. h4 1-0

[Event "XXIX Miedzynarodowy Festiwal Szachowy CRACOVIA-2018 Grupa A"]
[Site "Krakow, Hotel Galaxy, ul. Gesia 22a"]
[Date "2018.??.28"]
[Round "2.39"]
[White "Zochowski, Kacper"]
[Black "Malicka, Maria"]
[Result "1/2-1/2"]
[WhiteElo "2271"]
[BlackElo "2013"]
[PlyCount "128"]
[EventDate "2018.??.??"]

1. d4 Nf6 2. Bf4 d5 3. e3 c5 4. c3 Nc6 5. Nf3 Qb6 6. Qb3 c4 7. Qc2 Bf5 8. Qc1
e6 9. h3 h6 10. Nbd2 Be7 11. Be2 O-O 12. O-O Rfc8 13. Re1 Qd8 14. Bd1 b5 15.
Bc2 Bd6 16. Bxd6 Qxd6 17. e4 dxe4 18. Nxe4 Nxe4 19. Bxe4 Bxe4 20. Rxe4 b4 21.
Ne5 Nxe5 22. dxe5 Qd5 23. Qe3 bxc3 24. bxc3 Qd3 25. Rc1 Rab8 26. Qf4 Rb1 27.
Rxb1 Qxb1+ 28. Kh2 Qxa2 29. Re3 Qd2 30. Qf3 a5 31. Qb7 Rd8 32. Qc7 Qd5 33. Rf3
Rd7 34. Qb8+ Kh7 35. Rf4 a4 36. Rd4 Rb7 37. Rxd5 Rxb8 38. Ra5 Rb3 39. Rxa4 Rxc3
40. Ra7 Kg6 41. Rc7 Rc1 42. Kg3 c3 43. Kf3 c2 44. g3 f6 45. exf6 gxf6 46. Ke2
Kf5 47. Rc4 e5 48. Kf3 e4+ 49. Ke2 h5 50. Rc5+ Ke6 51. Rc4 f5 52. h4 f4 53.
gxf4 Kf5 54. Rc8 Kxf4 55. Kd2 Rh1 56. Rf8+ Kg4 57. Kxc2 Rxh4 58. Kd2 Rh3 59.
Ke2 Ra3 60. Re8 Ra4 61. Ke3 h4 62. Rg8+ Kh3 63. Rh8 Kg4 64. Rg8+ Kh3 1/2-1/2

[Event "XXIX Miedzynarodowy Festiwal Szachowy CRACOVIA-2018 Grupa A"]
[Site "Krakow, Hotel Galaxy, ul. Gesia 22a"]
[Date "2018.??.??"]
[Round "2.41"]
[White "Krallis, Christos"]
[Black "Gokhale, Anupama"]
[Result "1-0"]
[WhiteElo "2261"]
[BlackElo "2009"]
[PlyCount "91"]
[EventDate "2018.??.??"]

1. c4 e5 2. g3 Nf6 3. Bg2 c6 4. Nf3 e4 5. Nd4 d5 6. cxd5 Qxd5 7. Nc2 Qh5 8. Ne3
Bc5 9. Qc2 Na6 10. Nc3 Nb4 11. Qb1 O-O 12. Nxe4 Nxe4 13. Bxe4 Bxe3 14. dxe3 Bh3
15. Bd2 Nd5 16. Bf3 Qe5 17. e4 Nb6 18. Bc3 Qe6 19. g4 Na4 20. Rg1 Nxc3 21. bxc3
Qe5 22. Qd3 Rad8 23. Qe3 h5 24. gxh5 Rfe8 25. Rg3 Be6 26. Kf1 b5 27. Kg1 b4 28.
Rc1 bxc3 29. Rxc3 Qd4 30. Qxd4 Rxd4 31. Rxc6 Ra4 32. Rc5 Re7 33. Rgg5 f6 34.
Rg3 Kh7 35. Rc6 a5 36. h6 g6 37. h4 Kxh6 38. h5 g5 39. e5 g4 40. exf6 gxf3 41.
exf3 Rf7 42. Rxe6 Rf4 43. Re8 R4xf6 44. Rh8+ Rh7 45. Rxh7+ Kxh7 46. Rg5 1-0

[Event "XXIX Miedzynarodowy Festiwal Szachowy CRACOVIA-2018 Grupa A"]
[Site "Krakow, Hotel Galaxy, ul. Gesia 22a"]
[Date "2018.??.28"]
[Round "2.48"]
[White "Lis, Mateusz"]
[Black "Nurkiewicz, Maciej"]
[Result "1-0"]
[WhiteElo "2123"]
[BlackElo "2359"]
[PlyCount "71"]
[EventDate "2018.??.??"]

1. e4 c5 2. Nf3 d6 3. d4 cxd4 4. Nxd4 Nf6 5. Nc3 a6 6. Be3 e6 7. Be2 Nbd7 8.
O-O Be7 9. Kh1 Qc7 10. f4 b5 11. Bf3 Bb7 12. a3 O-O 13. Qe1 Nb6 14. Rd1 Rac8
15. Bc1 Rfd8 16. Qg3 Nc4 17. f5 e5 18. Nde2 Kh8 19. Qh3 Qc5 20. g4 Ne3 21. g5
Ng8 22. Bxe3 Qxe3 23. f6 gxf6 24. Rd3 Rxc3 25. bxc3 Bc8 26. Qxc8 Qxd3 27. Qxd8
Qxf3+ 28. Rxf3 Bxd8 29. Ng3 Kg7 30. Nf5+ Kf8 31. c4 bxc4 32. Nxd6 Bc7 33. Nxc4
fxg5 34. Ne3 Kg7 35. Nf5+ Kg6 36. Rc3 1-0

[Event "XXIX Miedzynarodowy Festiwal Szachowy CRACOVIA-2018 Grupa A"]
[Site "Krakow, Hotel Galaxy, ul. Gesia 22a"]
[Date "2018.??.??"]
[Round "2.49"]
[White "Englert, Jan"]
[Black "Mosesov, Danylo"]
[Result "0-1"]
[WhiteElo "2106"]
[BlackElo "2343"]
[PlyCount "62"]
[EventDate "2018.??.??"]

1. d4 Nf6 2. Nc3 d5 3. Bg5 c6 4. Nf3 Nbd7 5. e3 g6 6. Bd3 Bg7 7. O-O O-O 8. e4
h6 9. Bxf6 Nxf6 10. e5 Nh5 11. Ne2 Bg4 12. Ng3 Nxg3 13. hxg3 Qb6 14. Be2 Qxb2
15. Rb1 Qxa2 16. Rxb7 e6 17. Qb1 Qxb1 18. Rfxb1 a5 19. Ra1 Rfc8 20. Ra4 Bf8 21.
c4 Bb4 22. c5 Rab8 23. Ra7 Bc3 24. Bd3 Rb3 25. Ra6 Bb4 26. Bf1 Rb1 27. Rb6 Bf5
28. g4 Bd3 29. Nh2 Bb5 30. Ra2 Bc4 31. Rc2 a4 0-1

[Event "XXIX Miedzynarodowy Festiwal Szachowy CRACOVIA-2018 Grupa A"]
[Site "Krakow, Hotel Galaxy, ul. Gesia 22a"]
[Date "2018.??.??"]
[Round "2.50"]
[White "Pawlowski, Bartosz"]
[Black "Godzwon, Iwo"]
[Result "1/2-1/2"]
[WhiteElo "2101"]
[BlackElo "2323"]
[PlyCount "102"]
[EventDate "2018.??.??"]

1. e4 c5 2. Nc3 g6 3. f4 Bg7 4. Nf3 Nc6 5. Bb5 d6 6. Bxc6+ bxc6 7. O-O e6 8. d3
d5 9. Qe1 Qe7 10. Rb1 Nf6 11. Qh4 Nd7 12. Qxe7+ Kxe7 13. Bd2 Ba6 14. Rfe1 Nb6
15. e5 Rhb8 16. b3 Rb7 17. a4 Rab8 18. a5 Nd7 19. Na4 Bf8 20. Rbd1 Ke8 21. g4
Be7 22. f5 Bb5 23. fxe6 fxe6 24. Nc3 Bd8 25. Rf1 Nf8 26. Bh6 Rf7 27. Ng5 Bxg5
28. Rxf7 Bxh6 29. Rdf1 Rd8 30. g5 Rd7 31. Rxd7 Nxd7 32. gxh6 Nxe5 33. h3 Nf7
34. Nxb5 cxb5 35. c4 dxc4 36. dxc4 b4 37. a6 Nxh6 38. Ra1 Kd7 39. Ra5 Kc6 40.
Rb5 Nf5 41. Rb7 Nd4 42. Rxa7 Kb6 43. Rxh7 Kxa6 44. Re7 Nxb3 45. Rxe6+ Ka5 46.
Re2 Nd4 47. Ra2+ Kb6 48. Kf2 b3 49. Ra1 Nc2 50. Rb1 Nd4 51. Ra1 Nc2 1/2-1/2

[Event "XXIX Miedzynarodowy Festiwal Szachowy CRACOVIA-2018 Grupa A"]
[Site "Krakow, Hotel Galaxy, ul. Gesia 22a"]
[Date "2018.??.28"]
[Round "2.51"]
[White "Patil, Mitali"]
[Black "Zylka, Stanislaw"]
[Result "0-1"]
[WhiteElo "2081"]
[BlackElo "2305"]
[PlyCount "90"]
[EventDate "2018.??.??"]

1. e4 g6 2. d4 Bg7 3. Nc3 d6 4. Nf3 Nf6 5. Be3 c6 6. Qd2 b5 7. Bd3 Bg4 8. h3
Bxf3 9. gxf3 Nbd7 10. f4 e5 11. fxe5 dxe5 12. d5 cxd5 13. Nxb5 O-O 14. exd5
Nxd5 15. Bh6 Bxh6 16. Qxh6 N7f6 17. O-O-O Qa5 18. Bc4 Nb6 19. Qh4 Nxc4 20. Qxc4
Rfc8 21. Qh4 Qxb5 22. Qxf6 Qc4 23. Kb1 Qxc2+ 24. Ka1 Rc5 25. b3 Qc3+ 26. Kb1
Rb8 27. Rd8+ Rxd8 28. Qxd8+ Kg7 29. Qd1 a5 30. a4 Rc6 31. h4 h5 32. Rg1 Rf6 33.
Rg3 Qb4 34. Qe2 Kg8 35. Qxe5 Rxf2 36. Rc3 Kh7 37. Qe3 Qxh4 38. Rc1 Qf6 39. Rc2
Rf1+ 40. Rc1 Rf3 41. Qc5 Rxb3+ 42. Kc2 Rb2+ 43. Kd3 Qf3+ 44. Kd4 Rd2+ 45. Ke5
Qf5# 0-1

[Event "XXIX Miedzynarodowy Festiwal Szachowy CRACOVIA-2018 Grupa A"]
[Site "Krakow, Hotel Galaxy, ul. Gesia 22a"]
[Date "2018.??.??"]
[Round "2.52"]
[White "Dzierzak, Radoslaw"]
[Black "Parol, Pola"]
[Result "1-0"]
[WhiteElo "2283"]
[BlackElo "2114"]
[PlyCount "59"]
[EventDate "2018.??.??"]

1. e4 c5 2. Nf3 d6 3. Bb5+ Nd7 4. Ba4 Ngf6 5. O-O Nxe4 6. Re1 Nef6 7. d4 c4 8.
Na3 a6 9. Nxc4 Qc7 10. Bb3 b5 11. Ne3 Nb6 12. Ng5 Nc4 13. Qf3 Bb7 14. Qh3 g6
15. Nxc4 bxc4 16. Ba4+ Nd7 17. Nxf7 Kxf7 18. Bxd7 h6 19. Be6+ Kg7 20. d5 Kh7
21. f4 Bxd5 22. f5 g5 23. Bxg5 Bxe6 24. Rxe6 Kg8 25. Rg6+ Kf7 26. Qh5 Qc5+ 27.
Kh1 Bg7 28. Rf6+ Kg8 29. Qf7+ Kh7 30. Rxh6# 1-0

[Event "XXIX Miedzynarodowy Festiwal Szachowy CRACOVIA-2018 Grupa A"]
[Site "Krakow, Hotel Galaxy, ul. Gesia 22a"]
[Date "2018.??.??"]
[Round "2.56"]
[White "Hristodoulaki, Antonia"]
[Black "Bombek, Peter"]
[Result "0-1"]
[WhiteElo "2048"]
[BlackElo "2205"]
[PlyCount "128"]
[EventDate "2018.??.??"]

1. e4 e6 2. d4 d5 3. Bd3 dxe4 4. Bxe4 Nf6 5. Bd3 c5 6. Nf3 Nc6 7. Bb5 Qb6 8.
Nc3 Bd7 9. dxc5 Bxc5 10. Qe2 a6 11. Ba4 O-O 12. O-O Rfd8 13. Bb3 Nd4 14. Nxd4
Bxd4 15. Bg5 Qa5 16. Bd2 Qf5 17. Be3 Bxc3 18. bxc3 Bb5 19. c4 Bc6 20. Bb6 Rd7
21. f3 h6 22. Rad1 Rxd1 23. Rxd1 Nd7 24. Bd4 Rc8 25. Qd3 Qg5 26. Qe3 Qxe3+ 27.
Bxe3 Kf8 28. a4 Ke8 29. Kf2 b6 30. Ra1 a5 31. Ke2 Bb7 32. Bd4 e5 33. Bb2 f6 34.
Rd1 Ba6 35. Kd3 Rd8 36. Kc3 Nc5 37. Rxd8+ Kxd8 38. Bc1 Kd7 39. Be3 Kc6 40. Kd2
Bc8 41. Kc3 Kd6 42. Kd2 Bb7 43. Kc3 Bc6 44. Kb2 f5 45. Kc3 f4 46. Bg1 g5 47.
Kd2 g4 48. Ke2 gxf3+ 49. gxf3 Ke6 50. Bxc5 bxc5 51. c3 e4 52. fxe4 Bxe4 53. Kf2
Ke5 54. Ke2 Kf5 55. Kf2 Kg4 56. Bd1+ Kh3 57. Bh5 Bc6 58. Bg6 Kxh2 59. Bf5 Bxa4
60. Kf3 Bb3 61. Kxf4 a4 62. Ke5 a3 63. Bb1 Bxc4 64. Kd6 a2 0-1

[Event "XXIX Miedzynarodowy Festiwal Szachowy CRACOVIA-2018 Grupa A"]
[Site "Krakow, Hotel Galaxy, ul. Gesia 22a"]
[Date "2018.??.28"]
[Round "2.58"]
[White "Radovic, Stefan"]
[Black "Pasti, Aron"]
[Result "0-1"]
[WhiteElo "2019"]
[BlackElo "2196"]
[PlyCount "118"]
[EventDate "2018.??.??"]

1. d4 d5 2. c4 e6 3. Nc3 Nf6 4. cxd5 exd5 5. Bg5 Be7 6. e3 O-O 7. Bd3 c6 8. Qc2
h6 9. Bf4 Be6 10. Nf3 Nbd7 11. h3 Rc8 12. O-O b5 13. Rac1 Qb6 14. Rfd1 Rfd8 15.
Ne5 Nxe5 16. Bxe5 Nd7 17. Bf4 a6 18. Bh7+ Kh8 19. Bf5 Bf6 20. Bxe6 fxe6 21. Qg6
Nf8 22. Qg3 Kh7 23. Be5 Ng6 24. Bxf6 gxf6 25. e4 e5 26. exd5 cxd5 27. Ne2 Qe6
28. Qb3 Rc4 29. Qe3 Ne7 30. Ng3 Qd6 31. b3 Rxc1 32. Rxc1 e4 33. Rc5 f5 34. Ne2
Ng6 35. Qc1 Ne7 36. Nf4 Rd7 37. g3 Rb7 38. h4 Rb6 39. h5 Rc6 40. Ng6 Rxc5 41.
dxc5 Qc7 42. Nf8+ Kg8 43. Ne6 Qe5 44. Qxh6 Kf7 45. Ng5+ Ke8 46. Nh7 d4 47. Nf6+
Kf7 48. Nd7 Qd5 49. Qf6+ Ke8 50. Ne5 d3 51. Ng6 Nxg6 52. Qxg6+ Kd7 53. c6+ Kc8
54. h6 d2 55. h7 d1=Q+ 56. Kh2 Q1d4 57. Qg8+ Qd8 58. Qe6+ Kc7 59. Qxf5 Q8f6 0-1

[Event "XXIX Miedzynarodowy Festiwal Szachowy CRACOVIA-2018 Grupa A"]
[Site "Krakow, Hotel Galaxy, ul. Gesia 22a"]
[Date "2018.??.??"]
[Round "2.59"]
[White "Flak, Pawel"]
[Black "Dwilewicz, Katarzyna"]
[Result "1-0"]
[WhiteElo "2195"]
[BlackElo "2027"]
[PlyCount "89"]
[EventDate "2018.??.??"]

1. d4 Nf6 2. c4 g6 3. Nc3 Bg7 4. e4 d6 5. f3 O-O 6. Be3 e5 7. Nge2 Nbd7 8. d5
a6 9. g4 Rb8 10. Ng3 c6 11. Qd2 cxd5 12. cxd5 b5 13. O-O-O b4 14. Na4 Bb7 15.
Kb1 Ne8 16. h4 Qe7 17. h5 Nc7 18. Qxb4 Nxd5 19. exd5 Bxd5 20. Qa3 Bxf3 21. Qxd6
Rfe8 22. Bxa6 Bxh1 23. Nxh1 Nf6 24. hxg6 Nxg4 25. Qxe7 Rxe7 26. gxf7+ Kh8 27.
Bc5 Rxf7 28. Ng3 Bf8 29. Bg1 Ra8 30. Bb5 Ra5 31. Nc3 Bb4 32. Nge4 h5 33. Bb6
Bxc3 34. Nxc3 Ra8 35. a4 Kg7 36. Rh1 Rh8 37. a5 h4 38. Rg1 Rf4 39. Nd5 Re4 40.
Ne3 h3 41. Nxg4 Kf7 42. Bc6 Re2 43. a6 h2 44. Rf1+ Ke6 45. a7 1-0

[Event "XXIX Miedzynarodowy Festiwal Szachowy CRACOVIA-2018 Grupa A"]
[Site "Krakow, Hotel Galaxy, ul. Gesia 22a"]
[Date "2018.??.??"]
[Round "2.61"]
[White "Boino, Claudio"]
[Black "Mirski, Michal"]
[Result "1-0"]
[WhiteElo "2180"]
[BlackElo "2011"]
[PlyCount "79"]
[EventDate "2018.??.??"]

1. d4 d6 2. Nf3 Nf6 3. c4 g6 4. Nc3 Bg7 5. e4 O-O 6. Be2 a6 7. O-O c6 8. a4 a5
9. Be3 Na6 10. Qd2 Ng4 11. Bg5 h6 12. Bh4 g5 13. Bg3 f5 14. exf5 Bxf5 15. h4 e5
16. hxg5 hxg5 17. d5 Nc5 18. Qxg5 Qb6 19. Nh4 Nh6 20. Nxf5 Rxf5 21. Qe3 Raf8
22. Ne4 Nf7 23. Nxc5 dxc5 24. Bg4 Bh6 25. Qe2 Rg5 26. Bh4 Rg7 27. Be7 cxd5 28.
Bxf8 Kxf8 29. cxd5 Qg6 30. Bh3 Bf4 31. Ra3 Ng5 32. Qg4 Qh6 33. Qc8+ Kf7 34.
Qxb7+ Kg8 35. Qc8+ Kf7 36. Rb3 Qh4 37. Qf5+ Ke7 38. Rb7+ Kd6 39. Rd7+ Rxd7 40.
Qxd7# 1-0

[Event "XXIX Miedzynarodowy Festiwal Szachowy CRACOVIA-2018 Grupa A"]
[Site "Krakow, Hotel Galaxy, ul. Gesia 22a"]
[Date "2018.??.??"]
[Round "2.63"]
[White "Kucharska, Honorata"]
[Black "Rasmussen, Jonas H"]
[Result "1-0"]
[WhiteElo "2177"]
[BlackElo "1982"]
[PlyCount "69"]
[EventDate "2018.??.??"]

1. e4 e5 2. Nf3 Nc6 3. Bb5 f5 4. d3 fxe4 5. dxe4 Nf6 6. O-O d6 7. Nc3 Be6 8.
Qd3 h6 9. a3 a6 10. Bc4 Bxc4 11. Qxc4 Qd7 12. b4 b5 13. Qd3 Be7 14. Nd5 O-O 15.
Bb2 Nxd5 16. Qxd5+ Kh8 17. Nxe5 Nxe5 18. Bxe5 c6 19. Qd3 Qe6 20. Bg3 Rad8 21.
Rae1 Bf6 22. f4 Qe7 23. Qe3 Qc7 24. e5 dxe5 25. fxe5 Bg5 26. Qe4 Rxf1+ 27. Rxf1
Qd7 28. h4 Be7 29. e6 Qa7+ 30. Kh2 Qb7 31. Rf7 Rf8 32. Be5 Rxf7 33. exf7 Bf8
34. Qg6 Qe7 35. Qxh6# 1-0